Les 100 plus petites capitales du monde-Extrême - Statistiques

Statistiques générales
  • Ce quiz a été pris 352 fois
    177 depuis la dernière actualisation
  • Le résultat moyen est 46 sur 100
Statistiques - réponses
Nombre d'habitants Capitale % Correct
453 habitants Cité du Vatican, Vatican
94%
38 100 habitants Commune de Monaco, Monaco
87%
22 615 habitants Andorre-la-Vieille, Andorre
80%
4 040 habitants Saint-Marin, Saint-Marin
79%
5 450 habitants Vaduz, Liechtenstein
79%
122 273 habitants Luxembourg, Luxembourg
75%
641 423 habitants Riga, Lettonie
67%
592 389 habitants Vilnius, Lituanie
66%
6 675 habitants La Valette, Malte
65%
693 494 habitants Oslo, Norvège
64%
655 395 habitants Helsinki, Finlande
62%
526 502 habitants Skopje, Macédoine du Nord
62%
74 481 habitants Suva, Fidji
62%
469 402 habitants Chișinău, Moldavie
61%
37 708 habitants Apia, Samoa
60%
116 392 habitants Nicosie, Chypre
60%
322 246 habitants Port Moresby, Papouasie-Nouvelle-Guinée
60%
200 500 habitants Georgetown, Guyana
59%
597 000 habitants Kingston, Jamaïque
59%
103 693 habitants Malé, Maldives
59%
150 977 habitants Podgorica, Monténégro
59%
24 701 habitants Victoria, Seychelles
59%
17 222 habitants Belmopan, Belize
58%
133 883 habitants Berne, Suisse
58%
149 194 habitants Port-Louis, Maurice
58%
4 492 habitants Funafuti, Tuvalu
57%
71 868 habitants São Tomé, Sao Tomé-et-Principe
57%
625 habitants Yaren, Nauru
57%
157 474 habitants Manama, Bahreïn
56%
128 793 habitants Reykjavik, Islande
56%
51 437 habitants Port-Vila, Vanuatu
55%
12 904 habitants Castries, Sainte-Lucie
54%
600 000 habitants Djibouti, Djibouti
54%
127 832 habitants Praia, Cap-Vert
54%
412 000 habitants Wellington, Nouvelle-Zélande
54%
110 000 habitants Bridgetown, Barbade
53%
274 400 habitants Nassau, Bahamas
52%
880 691 habitants Panama, Panama
52%
242 946 habitants Paramaribo, Suriname
52%
333 981 habitants San José, Costa Rica
52%
432 864 habitants Bratislava, Slovaquie
51%
163 305 habitants Dili, Timor oriental
51%
16 577 habitants Roseau, Dominique
51%
557 422 habitants Tirana, Albanie
51%
34 828 habitants Banjul, Gambie
50%
6 227 habitants Palikir, Micronésie
50%
405 930 habitants Sarajevo, Bosnie-Herzégovine
50%
13 220 habitants Basseterre, Saint-Christophe-et-Niévès
49%
554 554 habitants Dublin, Irlande
49%
25 000 habitants Kingstown, Saint-Vincent-et-les-Grenadines
49%
61 940 habitants Mbabane, Eswatini
49%
24 571 habitants Nuku'alofa, Tonga
49%
21 926 habitants Saint John's, Antigua-et-Barbuda
48%
688 163 habitants Zagreb, Croatie
48%
365 097 habitants Bissau, Guinée-Bissau
47%
84 520 habitants Honiara, Îles Salomon
47%
253 874 habitants Maseru, Lesotho
47%
111 329 habitants Moroni, Comores
47%
37 074 habitants Port-d'Espagne, Trinité-et-Tobago
47%
462 704 habitants Canberra, Australie
46%
447 414 habitants Tallinn, Estonie
46%
38 968 habitants Tarawa-Sud, Kiribati
45%
181 060 habitants Koweït, Koweït
43%
837 437 habitants Lomé, Togo
43%
264 320 habitants Porto-Novo, Bénin
43%
4 315 habitants Saint-Georges, Grenade
43%
290 269 habitants San Salvador, Salvador
43%
300 000 habitants Sucre, Bolivie (La Paz = 1 010 100 habitants)
43%
794 128 habitants Copenhague, Danemark
41%
131 964 habitants Gitega, Burundi
41%
114 551 habitants Thimphou, Bhoutan
40%
703 940 habitants Libreville, Gabon
39%
187 302 habitants Malabo, Guinée équatoriale
39%
544 309 habitants Asuncion, Paraguay
38%
296 000 habitants Windhoek, Namibie
38%
231 626 habitants Gaborone, Botswana
37%
363 033 habitants Beyrouth, Liban
36%
284 355 habitants Ljubljana, Slovénie
36%
837 890 habitants Lisbonne, Portugal
35%
561 314 habitants Colombo, Sri Lanka
33%
577 827 habitants Rabat, Maroc
33%
638 845 habitants Tunis, Tunisie
31%
851 573 habitants Amsterdam, Pays-Bas
30%
140 000 habitants Bandar Seri Begawan, Brunei
30%
350 000 habitants Djouba, Soudan du Sud
30%
778 500 habitants Douchanbé, Tadjikistan
30%
760 000 habitants Vientiane, Laos
30%
433 688 habitants Le Cap, Afrique du Sud
29%
664 046 habitants Athènes, Grèce
27%
324 347 habitants Dodoma, Tanzanie (Dar es Salaam = 4 364 541 habitants)
26%
362 000 habitants Yamoussoukro, Côte d'Ivoire (Abidjan = 4 707 404 habitants)
25%
299 habitants Melekeok, Palaos
24%
860 368 habitants Noursoultan, Kazhakstan
9%
705 749 habitants Washington, D.C, États-Unis
9%
581 habitants Alofi, Niue
7%
20 301 habitants Delap-Uliga-Darrit, Îles Marshall
5%
13 595 habitants Avarua, Îles Cook
4%
86 344 habitants Mascate, Oman
4%
565 000 habitants Bloemfontein, Afrique du Sud
2%
741 651 habitants Pretoria, Afrique du Sud
1%
Aucun quiz correspondant
Distribution des résultats
% des personnes avec chaque résultat
Percentile par nombre de réponses
Votre historique - résultats
Vous n’avez pas pris ce quiz depuis la dernière actualisation